New Basel Capital Accord : A Return to Bank Supervisory Judgments.

Provides basic information on the Basel Accords, which regulate capital standards for international banking and other financial institutions, and the issues surrounding the expected adoption of Basel II, which sets a comprehensive framework for judging and containing bank risk. Describes how capital...

Full description

Bibliographic Details
Corporate Authors: Library of Congress. Congressional Research Service, ProQuest (Firm)
Format: eBook
Language:English
Published: [Place of publication not identified] : [publisher not identified], 2004.
Series:U.S. Congressional Research.
Subjects:
Online Access:Connect to the full text of this electronic book

MARC

Tag First Indicator Second Indicator Subfields
LEADER 00000cam a22000001a 4500
001 in00003318913
006 m d f
007 cr bn mmmapmmp
008 101130s2004 dcu o f000 0 eng d
005 20260501140508.9
035 |a cis2007845489 
040 |a ProQuest  |c ProQuest  |d UtOrBLW 
043 |a n-us--- 
099 |a CRS-2004-GVF-0268 
110 2 |a Library of Congress.  |b Congressional Research Service. 
245 1 0 |a New Basel Capital Accord :  |b A Return to Bank Supervisory Judgments. 
264 1 |a [Place of publication not identified] :  |b [publisher not identified],  |c 2004. 
300 |a 1 online resource. 
336 |a text  |b txt  |2 rdacontent 
337 |a computer  |b c  |2 rdamedia 
338 |a online resource  |b cr  |2 rdacarrier 
500 |a Record is based on bibliographic data in ProQuest U.S. Congressional Research Digital Collection (last viewed Nov. 2010). Reuse except for individual research requires license from ProQuest, LLC. 
500 |a CRS Report. 
520 |a Provides basic information on the Basel Accords, which regulate capital standards for international banking and other financial institutions, and the issues surrounding the expected adoption of Basel II, which sets a comprehensive framework for judging and containing bank risk. Describes how capital assessments were made before these accords; and addresses three of the major problems with Basel I that Basel II promises to improve. Describes principles of regulation in Basel II; and discusses its approaches to measuring capital, followed by a rough comparison with the requirement of the accords. Explores the next steps toward implementing Basel II in the U.S. 
500 |a Electronic resource. 
650 0 |a Banks and banking. 
650 0 |a Financial institutions. 
650 0 |a International finance. 
655 7 |a Electronic books.  |2 local 
710 2 |a ProQuest (Firm) 
776 0 8 |i Microfiche version:   |a Library of Congress. Congressional Research Service.  |t New Basel Capital Accord 
830 0 |a U.S. Congressional Research. 
856 4 0 |u http://proxy.library.tamu.edu/login?url=https://congressional.proquest.com/congcomp/getdoc?CRDC-ID=CRS-2004-GVF-0268  |z Connect to the full text of this electronic book  |t 0 
999 |a MARS 
999 f f |s 154c54a6-157d-3049-b6b0-0450e33d8cdb  |i e76399c7-067f-3ebf-9aca-85b9a5fbc08c  |t 0 
952 f f |a Texas A&M University  |b College Station  |c Electronic Resources  |s www_evans  |d Available Online  |t 0  |e CRS-2004-GVF-0268  |h Other scheme 
998 f f |a CRS-2004-GVF-0268  |t 0  |l Available Online